| 000 | 00828nam a22002177a 4500 | ||
|---|---|---|---|
| 008 | 090318t xxu||||| |||| 00| 0 eng d | ||
| 010 | _aENG-93233 | ||
| 020 | _c70.00 | ||
| 035 | _aEN-76766 | ||
| 037 | _bDBAD / PUB | ||
| 040 |
_adpl _bEnglish |
||
| 082 | _a883.08 | ||
| 100 | _aSenthil Kumaran, P. | ||
| 245 |
_aArchetypal criticism on Ernest Hemmingway / _cby P. Senthil Kumaran |
||
| 260 |
_c2008 _aSalem _bM.S.K. Publications |
||
| 300 |
_a97p. _c19cm (pbk) |
||
| 500 | _aIncludes bibliographical references | ||
| 600 |
_aHemingway, Ernest, 1899-1961 _xCriticism and interpretation. |
||
| 942 |
_2ddc _cEN _mSEN _h883.08 |
||
| 999 |
_c25336 _d25336 |
||